| 000 | 00618nam a22002650a 4500 | ||
|---|---|---|---|
| 001 | PT39392 | ||
| 003 | AR-LpoUNG | ||
| 005 | 20210131230624.0 | ||
| 008 | 191001s1997||||ag |||||||||||||||||spa d | ||
| 020 |
_a9505811276 _c$18.75 |
||
| 040 |
_aAR-LpoUNG _bspa _cAR-LpoUNG _eaacr |
||
| 041 | _aspa | ||
| 044 | _aag | ||
| 082 | 0 | _aA863 985hoj | |
| 100 | 1 | _aMuslip, Eduardo | |
| 245 | 1 | 0 | _aHojas de la noche |
| 250 | _a1ra. ed. | ||
| 260 |
_aBuenos Aires : _bColihue, _c1997. |
||
| 300 |
_a127 p. : _bil. |
||
| 650 | 4 | _aARGENTINA | |
| 650 | 4 | _aLITERATURA | |
| 653 | _aCUENTOS | ||
| 905 | _a39392 | ||
| 942 | _cLIB | ||
| 999 |
_c4991 _d4991 |
||